000 00639cam a22002293a 4500
001 27591
003 PGUSA
005 20140828083609.0
008 081222s2008||||xxu|||||s|||||000 1 eng d
040 _aPGUSA
_beng
042 _adc
050 4 _aPR
100 1 _aHocking, Joseph,
_d1860-1937
245 1 4 _aThe Birthright
_h[electronic resource] /
_cJoseph Hocking
260 _bProject Gutenberg,
_c2008
506 _aPublic domain in the USA.
516 _aElectronic text
653 _aInheritance and succession -- Fiction
830 0 _aProject Gutenberg
_v27591
856 4 0 _uhttp://www.gutenberg.org/ebooks/27591
942 _cEB
999 _c256846
_d256846